| 000 | 00358cam a2200145ua 4500 | ||
|---|---|---|---|
| 041 |
_amal _h |
||
| 082 |
_a894.812301 _bPAD/OR |
||
| 100 | _aPadmanabhan, T . | ||
| 245 |
_aOru Kadhakrithu kurisil / _cT.Padmanabhan. _hTextual Documents |
||
| 260 |
_aCalicut : _bP.K Brothers , _c1956. |
||
| 300 | _a106 ; . | ||
| 504 | _a | ||
| 942 | _cBK | ||
| 999 |
_c833 _d833 |
||